50 films à remplir - 2014 - Statistiques

Statistiques générales
  • Ce quiz a été pris 272 fois
  • Le résultat moyen est 36 sur 50
Statistiques - réponses
Hint Réponse % Correct
Qu'est qu'on a fait au Bon ... ? Dieu
96%
La ... et la Bête Belle
95%
Sous les ... des filles Jupes
95%
Yves ... Laurent Saint
95%
Tu veux ... tu veux pas Ou
94%
Les ... de la Galaxie Gardiens
92%
Les ... du petit Nicolas Vacances
91%
La Planète des singes : L'... Affrontement
90%
... (et non pas Him) Her
90%
Nos étoiles ... Contraires
89%
Du ... et des larmes Sang
88%
Les Trois ... : Le Retour Frères
87%
Les ... de Madagascar Pingouins
86%
John ... Wick
86%
...-Stop Non
85%
La Famille ... Bélier
84%
Le Hobbit : La ... des Cinq Armées Bataille
83%
... (de Christopher Nolan) Interstellar
82%
The Grand ... Hotel Budapest
81%
Le ... du Botswanga Crocodile
80%
Hunger Games : La ..., partie 1 Révolte
78%
The Amazing Spider-Man : Le ... d'un héros Destin
77%
Captain America : Le Soldat de l'... Hiver
77%
Astérix : Le ... des dieux Domaine
76%
300 : La ... d'un Empire Naissance
76%
Ninja ... Turtles
76%
... Girl Gone
73%
Les Nouveaux ... Héros
72%
Edge of ... Tomorrow
70%
Transformers : L'Âge de l'... Extinction
69%
Le ... Labyrinthe
68%
X-Men: Days of ... Past Future
66%
Exodus: ... and Kings Gods
65%
... Call Night
65%
American ... Sniper
65%
Une merveilleuse histoire du ... Temps
64%
Minuscule : La ... des fourmis perdues Vallée
63%
M. ... et Sherman : Les Voyages dans le temps Peabody
62%
La Grande Aventure ... Lego
59%
... ("not quite my tempo") Whiplash
56%
... Casse-noisette Opération
55%
... 2 Dragons
51%
... Game Imitation
49%
Clochette et la Fée ... Pirate
48%
La ... French
47%
L'... qui tue ! Interview
47%
Mister ... Babadook
42%
... Men Monuments
39%
The Raid ... 2
35%
... ou (Les Vertus insoupçonnées de l'ignorance) Birdman
30%
Aucun quiz correspondant
Distribution des résultats
% des personnes avec chaque résultat
Percentile par nombre de réponses
Votre historique - résultats
Vous n’avez pas pris ce quiz